| 000 | 00549nam a2200169 i 4500 | ||
|---|---|---|---|
| 001 | 54979 | ||
| 003 | ES-MaACL | ||
| 005 | 20230906163047.0 | ||
| 007 | t| | ||
| 008 | 030910s1969 sp ||||1| spa d | ||
| 100 | 1 |
_aDelcourt, Jacques. _943357 |
|
| 245 | 1 | 0 |
_aInvertir en hombres _b: una política educativa de cara al desarrollo / _cJacques Delcourt ; traducción por J. Jiménez Blanco. |
| 260 |
_aMadrid : _bRazón y Fé, _c[1969] |
||
| 300 |
_a338 p. ; _c22 cm. |
||
| 700 | 1 |
_aJiménez Blanco, J. _966466 |
|
| 852 |
_aES-MaACL _jC-22760 _bR.70802 |
||
| 999 |
_c54979 _d54979 |
||